| 000 | 00439nam a2200181Ia 4500 | ||
|---|---|---|---|
| 008 | 230524s9999 xx 000 0 und d | ||
| 020 | _a9789381075357 | ||
| 082 |
_a621 _bISR |
||
| 100 | _aA.R. Israni | ||
| 245 | 0 | _aBasic Mechanical Engineering | |
| 250 | _a1 | ||
| 260 |
_aHyderabad _bBS Publication _c2011 |
||
| 300 | _a"XXI,641p;" | ||
| 500 | _aQuantity Number: 50 | ||
| 650 | _aMECHANICAL | ||
| 700 | _aP.K.Shah | ||
| 942 | _cBK | ||
| 999 |
_c58324 _d58324 |
||